000 00353nam a22000977a 4500
008 230602b xxu||||| |||| 00| 0 eng d
082 _a027.50
_bAKH
245 _aNational information and Informatics policies in Africa
_breport and proceedings of a regional seminar Held in Addis Ababa, Ethiopia 28 November-1 December 1988
300 _a297p
942 _2ddc
_cBK
999 _c121
_d121